000 00394pam a2200169 a 4500
020 _a1-884220-01-0
_c
041 _h
082 _a641.5945
100 _aWEIBEL O
_eAuthor
245 _aFOOD & WINE
_cWEIBEL O
_hTextual Documents
250 _a1st
260 _aAmerica
_bA Brendan International Pub
300 _a256
653 _afood & beverage
700 _eCo-Author
930 _a1613
999 _c229014
_d229014